000 00780nam a22002177a 4500
003 UA-OsUOA
001 122093
007 ta
008 20170410b un ||||| |||| 00| 0 ukr d
100 _aСіромський Р.
090 _a94(477)
_bС41
942 _cSA
040 _aUA-OsUOA
_bfre
_cUA-OsUOA
_dUA-OsUOA
245 _aУкраїнські репрезентації на міжнародній конференції з прав людини у Тегерані 1968 р.
300 _aС.13-19
955 _a0
041 _afre
080 _a94(477)
773 0 _w122092
_tПрограма психологічного супроводу обдарованих дітей
_dЛьвів
_d2017
_g1
650 7 _a9 Географія. Біографії. Історія
_2UDC
999 _c404927
_d404927